00735nam a2200181Ia 4500008004100000020001500041041001200056082001600068100001700084245003900101260003700140300000800177650001400185942000700199999001500206952016100221952017100382221030s9999 xx 000 0 und d a8185842965 aEnglish a105.23bSha aB. K. Sharma 0aElectro Chemistrycby B. K. Sharma bKrishna PrakashansaMeerutc1998 a476 aChemistry cBK c7058d7058 pBE 3107g150.00l0o105.23 Shar2024-06-13 00:00:00w2022-10-30yBK003Print4071aMIETLIBbMIETLIBcBL-Second, FL-1, CUP-59, SH-1, R-1d2001-03-1710HBE pBE 3108g150.00l0o105.23 Shar2024-06-13 00:00:00w2022-10-30yBK003Print4070aMIETLIBbMIETLIBcBL-Academic Block A, FL-1, CUP-19, SH-4, R-4d2001-03-1710HBE